Viagens de Gulliver (Registo nº 903)

Detalhes MARC
000 -Etiqueta do registo
Cabeçalho 00869nam0a2200265 4500
005 - Identificador da versão
Campo de controlo 20240813121818.0
021 ## - Número do Depósito Legal
Código do país PT
Número 298 459/09
100 ## - Dados gerais de processamento
Dados gerais de processamento 20160707d2009 a y0pory5003 ba
102 ## - Pais de publicação ou produção
País de publicação Portugal
101 1# - Língua de publicação
Língua do texto, banda sonora, etc. Português
Língua do documento no original Inglês
215 ## - Descrição física 
Indicação específica da natureza do documento e extensão da espécie 210, [1] p.
Outras indicações físicas il
200 1# - Titulo e menção de responsabilidade
Título próprio Viagens de Gulliver
Primeira menção de responsabilidade Jonathan Swift
Outras menções de responsabilidade adaptação livre da obra por João de Barros
-- il. André Letria
225 2# - Colecção 
Título próprio da colecção Clássicos da Humanidade
210 ## - Publicação, Distribuição, etc. 
Lugar da edição, distribuição, etc. Lisboa
Nome do editor, distribuidor, etc. Sá da Costa Ed.
Data da publicação, distribuição, etc. 2009
300 ## - Notas gerais 
Texto da nota Plano Nacional de Leitura
606 ## - Nome comum usado como assunto
Número de registo de entrada de autoridade 0002970
Palavra de ordem Literatura irlandesa
Subdivisão de assunto Romances de aventuras
Código do sistema CA
675 ## - Classificação Decimal Universal (CDU)
Notação 821.111(417)-311.3
Edição 3ª ed.
Língua da edição por
702 #1 - Nome de autor-pessoa física (responsabilidade secundária)
Número de registo de entrada de autoridade 0003096
Palavra de ordem Barros
Outra parte do nome não tomada para palavra de ordem João de
Código de função Adaptador
Número de registo de entrada de autoridade 0001097
Palavra de ordem Letria
Outra parte do nome não tomada para palavra de ordem André
Código de função Ilustrador / Técnico de desenho computorizado
700 #1 - Nome de autor-pessoa física (responsabilidade principal)
Número de registo de entrada de autoridade 0001164
Palavra de ordem Swift
Outra parte do nome não tomada para palavra de ordem Jonathan
Datas 1667-1745
966 ## - Identificação da Biblioteca
Sigla EB2,3ENM
942 ## - Elementos de entrada adicionados (Koha)
Tipo de item no Koha Livro
Exemplares
Situação do levantamento Origin of item (home branch) (coded) Biblioteca de empréstimo Código de barras Cota Circulation type (not for loan) Tipo de documento Nota do exemplar Damaged status
  Biblioteca Escolar Eng. Nuno Mergulhão Biblioteca Escolar Eng. Nuno Mergulhão BENM1631 82LP-3 BAR PNL   Livro Sem mensagem